[Event "XXV Open"]
[Site "Novi Becej SRB"]
[Date "2007.06.11"]
[Round "3"]
[White "Jefic,S"]
[Black "Borkovic,D"]
[Result "1/2-1/2"]
[WhiteElo "2103"]
[BlackElo "2148"]

1.e4 d5 2.exd5 Qxd5 3.Nc3 Qd8 4.Nf3 Nf6 5.Bc4 Bf5 6.O-O e6 7.d4 c6 8.a3 Be7
9.h3 O-O 10.Bf4 Nbd7 11.Qe2 Nb6 12.Bb3 Nbd5 13.Nxd5 Nxd5 14.Bg3 Qb6 15.Rad1 Rad8
16.Nh4 Bg6 17.Nxg6 hxg6 18.Rfe1 Rd7 19.Bxd5  1/2-1/2

[Event "11th Master Open"]
[Site "Voronezh RUS"]
[Date "2007.06.12"]
[Round "1"]
[White "Geller,J"]
[Black "Peschansky,M"]
[Result "1-0"]
[WhiteElo "2500"]
[BlackElo "2279"]

1.e4 d5 2.exd5 Qxd5 3.Nc3 Qd6 4.d4 Nf6 5.Nf3 a6 6.Bd3 Bg4 7.O-O Nc6 8.Ne4 Nxe4
9.Bxe4 O-O-O 10.c3 f5 11.Bxc6 Qxc6 12.Ne5 Bxd1 13.Nxc6 bxc6 14.Rxd1 e6 15.Re1 Kd7
16.Bf4 Bd6 17.Be5 Rhg8 18.Rad1 g5 19.h3 h5 20.g3 g4 21.Kg2 gxh3+ 22.Kxh3 Rg4
23.Kg2 f4 24.Rh1 fxg3 25.fxg3 Rg5 26.Rh4 Rdg8 27.Rd3 Rf8 28.b4 Ke7 29.Re3 Rgf5
30.Rhe4 Rf2+ 31.Kh3 Bxe5 32.Rxe5 Rxa2 33.Rxe6+ Kd7 34.Re7+ Kd8 35.Rh7 Rf5
36.Re6 Ra1 37.Rh8+ Kd7 38.Rg6 Rh1+ 39.Kg2 Rc1 40.Rh7+ Kc8 41.Rxc6 Rcf1 42.Rcxc7+ Kb8
43.g4 hxg4 44.Rb7+ Ka8 45.Ra7+ Kb8 46.Rhb7+ Kc8 47.Rg7 Kb8 48.Rab7+ Ka8 49.Rbe7 Rf8
50.Rxg4 R1f2+ 51.Kh3 Rc8 52.Re3 Rc2 53.Rgg3 Kb7 54.Kg4 Kb6 55.Kf4 Kb5 56.Re5+ Kc4
57.Rc5+ Rxc5 58.bxc5 Re2 59.Re3 Rh2 60.Ke5 Rh6  1-0

[Event "11th Master Open"]
[Site "Voronezh RUS"]
[Date "2007.06.12"]
[Round "1"]
[White "Morozov,E"]
[Black "Zablotsky,S"]
[Result "1/2-1/2"]
[WhiteElo "2277"]
[BlackElo "2500"]

1.e4 d5 2.exd5 Qxd5 3.Nc3 Qd6 4.d4 Nf6 5.Nf3 a6 6.g3 Bg4 7.h3 Bh5 8.Bg2 Nc6
9.Be3 O-O-O 10.O-O e5 11.dxe5 Nxe5 12.Qxd6 Bxd6 13.Nd2 Rhe8 14.Rae1 Bb4 15.f4 Nc6
16.Nb3 h6 17.g4 Bg6 18.f5 Bh7 19.Bxc6 bxc6 20.Bd4 h5 21.Bxf6 gxf6 22.Rxe8 Rxe8
23.Rf4 Bxc3 24.bxc3 Re3 25.Kg2 Rxc3 26.Rf2 hxg4 27.hxg4 Kd7 28.Nd2 Re3 29.Nf1 Ra3
30.Ng3 Rxa2 31.Nh5 Ke7 32.Re2+ Kf8 33.Nxf6 Kg7 34.Ne8+ Kh6 35.Nf6 Kg7 36.Ne8+ Kh6  1/2-1/2

[Event "XXV Open"]
[Site "Novi Becej SRB"]
[Date "2007.06.13"]
[Round "5"]
[White "Petkovski,S"]
[Black "Milosevic,Rad"]
[Result "1/2-1/2"]
[WhiteElo "2080"]
[BlackElo "2183"]

1.e4 d5 2.exd5 Qxd5 3.Nc3 Qd6 4.d4 Nf6 5.Nf3 a6 6.Be3 Bg4 7.h3 Bh5 8.g4 Bg6
9.Ne5 Nc6 10.Bg2 O-O-O 11.Nxc6 bxc6 12.Qe2 Kb7 13.O-O-O Qb4 14.a3 Qa5 15.Qc4 Nd5
16.Kd2 e6 17.Ra1 Be7 18.Rhb1 Rd7 19.b4 Qb6 20.Na4 Qa7 21.Nc5+ Bxc5 22.bxc5+ Ka8
23.Rb4 Rb8 24.Rxb8+ Kxb8 25.Rb1+ Kc8 26.Qa4 Qa8 27.Rb2 e5 28.c4 Ne7 29.Kc3 f5
30.Bg5 e4 31.f3 h6 32.Bh4 Bh7 33.gxf5 Nxf5 34.Be1 Nxd4 35.fxe4 Ne6 36.Bf2 Nf4
37.Bf1 Bxe4 38.Bd4 Ne6 39.Be3 Qa7 40.Qa5 Rf7 41.Be2 Bf5 42.Bf3 Nd8 43.Bg2 Rd7
44.Bd4 Ne6 45.Rd2 Nxd4 46.Rxd4 Qb7 47.Rxd7 Kxd7 48.Qa4 g6 49.Qd1+ Kc8 50.Qe1 Kb8
51.Qe8+  1/2-1/2

[Event "11th Master Open"]
[Site "Voronezh RUS"]
[Date "2007.06.14"]
[Round "3"]
[White "Airapetian,G"]
[Black "Zablotsky,S"]
[Result "0-1"]
[WhiteElo "2336"]
[BlackElo "2500"]

1.e4 d5 2.exd5 Qxd5 3.Nc3 Qd6 4.d4 Nf6 5.Nf3 c6 6.Ne5 Nbd7 7.Bf4 Nd5 8.Nxd5 Qxd5
9.Nf3 Nb6 10.Be2 Bf5 11.O-O Qe4 12.Bg3 Qxc2 13.Qxc2 Bxc2 14.Rfc1 Be4 15.b4 e6
16.Nd2 Bd5 17.a3 Be7 18.b5 O-O 19.a4 Bg5 20.Rd1 Bf6 21.a5 Bxd4 22.axb6 Bxa1
23.Rxa1 axb6 24.Rb1 Ra2 25.Bf4 Rfa8 26.bxc6 Bxc6 27.Kf1 Ra1 28.Bd3 Rxb1+
29.Bxb1 f6 30.Be3 b5 31.g3 Bd5 32.Ke2 b4 33.Bc2 g5 34.Kf1 Ra1+ 35.Bb1 Ba2
36.Bd4 Rxb1+ 37.Nxb1 e5 38.Bc5 Bxb1 39.Bxb4 Kf7 40.Ke2 Ke6 41.Ba5 Bf5 42.Ke3 Bh3
43.Bd8 h6  0-1

[Event "4th Alushta Summer"]
[Site "Alushta UKR"]
[Date "2007.06.15"]
[Round "1"]
[White "Alexikov,A"]
[Black "Belikov,V"]
[Result "1/2-1/2"]
[WhiteElo "2427"]
[BlackElo "2564"]

1.e4 d5 2.exd5 Qxd5 3.Nc3 Qd6 4.Nf3 Nf6 5.g3 Bg4 6.Bg2 Nc6 7.h3 Bh5 8.d3 O-O-O
9.Be3 e5 10.g4 Bg6 11.Nd2 Nd4 12.Nce4 Qa6 13.Nxf6 gxf6 14.Be4 h5 15.Rg1 hxg4
16.hxg4 Kb8 17.a3 f5 18.gxf5 Nxf5 19.Qg4 Nxe3 20.fxe3 Bh5 21.Qg3 Qe6 22.Bf3 Bc5
23.Bxh5 Rxh5 24.Qf3 Qh6 25.Nf1 Rh4 26.O-O-O Qe6 27.Nd2 f5 28.Rg5 f4 29.exf4 Rxf4
30.Qe2 Re8 31.Re1 Bd6 32.Kb1 Qf6 33.Rg2 a6  1/2-1/2

[Event "III EUICC"]
[Site "Arvier ITA"]
[Date "2007.06.15"]
[Round "1"]
[White "Caruana,F"]
[Black "Majer,C"]
[Result "1-0"]
[WhiteElo "2523"]
[BlackElo "2036"]

1.e4 d5 2.exd5 Qxd5 3.Nc3 Qd6 4.g3 Nf6 5.Bg2 c6 6.Nf3 Bg4 7.O-O e6 8.h3 Bh5
9.Ne2 Nbd7 10.d4 Qc7 11.Nf4 Bg6 12.Nxg6 hxg6 13.Qe2 Bd6 14.Re1 O-O 15.Ne5 Nb6
16.Bg5 Be7 17.Bf4 Bd6 18.Nxg6 Rfe8 19.Ne5 Nfd5 20.Bd2 Rad8 21.Ba5 Bb4 22.Bxb4 Nxb4
23.c3 N4d5 24.Rad1 Na4 25.Qc2 Nab6 26.h4 Nf6 27.Nf3 Nbd5 28.Ng5 Qb6 29.a3 Rc8
30.Rd3 Qc7 31.Rf3 Qd7 32.h5 Rcd8 33.c4 Nb6 34.Rf4 Qc7 35.Rxf6 gxf6 36.Qh7+ Kf8
37.Nxe6+ Rxe6 38.Rxe6 fxe6 39.Qxc7  1-0

[Event "11th Master Open"]
[Site "Voronezh RUS"]
[Date "2007.06.16"]
[Round "5"]
[White "Azarov,S"]
[Black "Zablotsky,S"]
[Result "1-0"]
[WhiteElo "2571"]
[BlackElo "2500"]

1.e4 d5 2.exd5 Qxd5 3.Nc3 Qd6 4.d4 Nf6 5.Nf3 c6 6.g3 Bg4 7.Bg2 e6 8.O-O Nbd7
9.Bf4 Qb4 10.Rb1 Qa5 11.h3 Bxf3 12.Qxf3 Be7 13.a3 O-O 14.b4 Qf5 15.Qe2 Nd5
16.Nxd5 cxd5 17.c4 dxc4 18.Bxb7 Rad8 19.Bc7 Rde8 20.Qxc4 Qxh3 21.Rfc1 Nf6
22.Qf1 Qf5 23.Bc6 Rc8 24.Bb7 Rce8 25.a4 Nd5 26.Bxd5 Qxd5 27.Qc4 Qe4 28.b5 Bg5
29.Re1 Qb7 30.Qc6 Qxc6 31.bxc6 Rc8 32.Rb7 Bf6 33.Bd6 Bxd4 34.Bxf8 Kxf8 35.Rc1 Bb6
36.Kg2 g5 37.g4 Kg7 38.Rd7 Kg6 39.c7 Kg7 40.Rc6 Kf8 41.Rxb6  1-0

[Event "11th Master Open"]
[Site "Voronezh RUS"]
[Date "2007.06.16"]
[Round "5"]
[White "Gabrielian,A"]
[Black "Peschansky,M"]
[Result "1-0"]
[WhiteElo "2496"]
[BlackElo "2279"]

1.e4 d5 2.exd5 Qxd5 3.Nc3 Qd6 4.d4 Nf6 5.g3 Bg4 6.f3 Bf5 7.g4 Bd7 8.g5 Qe6+
9.Nge2 Nh5 10.d5 Qb6 11.Qd4 e6 12.Qxb6 axb6 13.Bh3 Bb4 14.Bg4 g6 15.Bxh5 gxh5
16.Bd2 Na6 17.O-O-O O-O-O 18.h4 h6 19.gxh6 exd5 20.Nxd5 Rhe8 21.Nxb4 Nxb4
22.Ng3 Nd5 23.Nxh5 Ne3 24.Rde1 Nf5 25.Rxe8 Bxe8 26.Nf6 Bd7 27.h7 Ng3 28.Rh2 Bb5
29.Rg2 Ne2+ 30.Kd1  1-0

[Event "4th Alushta Summer"]
[Site "Alushta UKR"]
[Date "2007.06.17"]
[Round "3"]
[White "Kochetkov,G"]
[Black "Belikov,V"]
[Result "0-1"]
[WhiteElo "2386"]
[BlackElo "2564"]

1.e4 d5 2.exd5 Qxd5 3.Nc3 Qd6 4.d4 Nf6 5.Nge2 b6 6.Nf4 Bb7 7.Nb5 Qd7 8.c4 e6
9.Be2 Bb4+ 10.Bd2 Be7 11.Be3 Bb4+ 12.Kf1 a6 13.Nc3 Bxc3 14.bxc3 O-O 15.Nd3 Nc6
16.f3 Ne8 17.Bc1 Nd6 18.c5 Nc4 19.cxb6 cxb6 20.Rb1 N6a5 21.h4 Rfd8 22.Qe1 Bd5
23.h5 h6 24.Qg3 Nd6 25.Rxb6 Nf5 26.Qe1 Qc7 27.Rb2 Nc4 28.Bf4 Qa5 29.Rb4 Nce3+
30.Kf2 Nc2 31.Qd1 Nxb4 32.Nxb4 Bb7 33.Bd3 Rac8 34.g4 Nd6 35.g5 e5 36.dxe5 Nc4
37.Qe2 hxg5 38.Bxg5 Qc5+ 39.Kf1 Nxe5 40.Bxd8 Bxf3 41.Qh2 Bxh1 42.h6 Nxd3
43.Nxd3 Qf5+ 44.Nf2 Rxd8  0-1

[Event "III Perla Baltyku A"]
[Site "Mielno POL"]
[Date "2007.06.18"]
[Round "1"]
[White "Owczarzak,J"]
[Black "Natacheev,P"]
[Result "1-0"]
[WhiteElo "2389"]
[BlackElo "2076"]

1.e4 d5 2.exd5 Qxd5 3.Nc3 Qd6 4.d4 Nf6 5.Bd3 a6 6.Nge2 b5 7.Ne4 Qb6 8.O-O Nbd7
9.a4 b4 10.c4 bxc3 11.bxc3 Bb7 12.N2g3 e6 13.Re1 Be7 14.Rb1 Qa7 15.c4 O-O
16.Be3 Rab8 17.Qc2 h6 18.d5 Qa8 19.dxe6 fxe6 20.f3 Nxe4 21.Nxe4 Ne5 22.Nc5 Nxd3
23.Qxd3 Bc8 24.Rxb8 Qxb8 25.Qe4 Qb6 26.Nd7 Qa5 27.Qxe6+ Rf7 28.Rb1 Bf8 29.Qe5 Qxa4
30.Nxf8 Rxf8 31.Qxc7 Be6 32.c5 Re8 33.h3 Qd7 34.Qxd7 Bxd7 35.Bd4 Bb5 36.Kf2 Kf7
37.h4 g6 38.Be3 h5 39.Rd1 Re7 40.Rd6 Re6 41.Rd8 Re8 42.Rd2 Re7 43.g4 hxg4
44.fxg4 Re4 45.h5 gxh5 46.gxh5 Rh4 47.Rd5 a5 48.c6 Bxc6 49.Rxa5 Rh2+ 50.Kg3 Rh1
51.Kf4 Rf1+ 52.Kg5 Be4 53.h6 Kg8 54.Re5 Bb1 55.Rc5 Rf8 56.Bd4 Rd8 57.Bg7 Rd7
58.Rc8+ Kf7 59.Rf8+ Ke7 60.Rh8 Rd5+ 61.Kf4 Rh5 62.Rb8 Bc2 63.Rb7+ Ke6 64.Kg4 Rh1
65.Bd4 Bf5+ 66.Kg5 Be4 67.Rb6+ Kd5 68.Be3 Rh3 69.Bf4 Rh1 70.Rd6+ Kc5 71.Rd7 Kc6
72.Re7 Bb1 73.Bg3 Kd5 74.Bf4 Rg1+ 75.Kf6 Rf1 76.Kg5 Rg1+ 77.Kh4 Rh1+ 78.Kg4 Bc2
79.Re5+ Kc6 80.Re3 Kd7 81.Kg5 Rg1+ 82.Bg3 Bb1 83.Kf6 Rh1 84.Kg7 Rh3 85.Rc3 Ke6
86.Ra3 Kd7 87.Ra7+ Ke6 88.Ra6+ Ke7 89.Be1 Kd7 90.Ra4 Rh1 91.Bg3 Bc2 92.Rg4 Bf5
93.Ra4 Ke6 94.Ra6+ Ke7 95.Bd6+ Kd7 96.Bf4 Bc2 97.Ra2 Bf5 98.Bh2 Re1 99.h7 Bxh7
100.Kxh7 Ke6 101.Rf2 Kd5 102.Kg6 Re8 103.Rd2+ Kc5 104.Kf5 Rf8+ 105.Ke4 Re8+
106.Be5 Kc4 107.Rc2+ Kb3 108.Rc7 Kb4 109.Kd5 Rd8+ 110.Bd6+ Kb3 111.Rc6 Rh8
112.Rb6+ Kc2 113.Be5 Rh4 114.Bd4 Kd3 115.Rb3+ Kc2 116.Ra3 Kd2 117.Kc4 Ke2
118.Re3+ Kd2 119.Rf3 Ke2 120.Rf2+ Ke1 121.Ra2 Rh3 122.Be5 Rf3 123.Kd4 Rb3
124.Ke4 Kd1 125.Bd4 Ke1 126.Be3 Kd1 127.Kf3 Rd3 128.Ke4 Rb3 129.Kd4 Ke1 130.Bg5 Kd1
131.Rh2 Ke1 132.Bd2+ Kf1 133.Bc3 Ra3 134.Rc2 Ra8 135.Ke4 Re8+ 136.Be5 Ke1
137.Ra2 Re7 138.Kd4 Re8 139.Bf6 Kf1 140.Bh4 Re2 141.Ra3 Re8 142.Bg3 Ke2 143.Be5 Rd8+
144.Ke4 Re8 145.Rh3 Re7 146.Rh2+ Ke1 147.Kd4 Kf1 148.Rb2 Re8 149.Rc2 Re7
150.Bf4 Re8 151.Be3 Re7 152.Kd3 Re8 153.Rf2+ Ke1 154.Rf7 Re6 155.Bd2+ Kd1
156.Rf1+ Re1 157.Rxe1+  1-0

[Event "IV Open"]
[Site "Sanxenxo ESP"]
[Date "2007.06.18"]
[Round "3"]
[White "Vonthron,H"]
[Black "Saboride Bua,J"]
[Result "0-1"]
[WhiteElo "2305"]
[BlackElo "1990"]

1.e4 d5 2.exd5 Qxd5 3.Nc3 Qd8 4.d4 Nf6 5.Nf3 Bf5 6.Bf4 c6 7.Ne5 e6 8.g4 Bg6
9.Bg2 Bb4 10.a3 Nd5 11.Bd2 Bxc3 12.bxc3 Nd7 13.Nxg6 hxg6 14.c4 N5b6 15.Qe2 Qc7
16.d5 cxd5 17.cxd5 O-O-O 18.dxe6 Rde8 19.exd7+ Nxd7 20.Be3 Qc3+ 21.Qd2 Qxa1+
22.Ke2 Qb2 23.Rd1 Ne5 24.Kf1 Qb5+ 25.Kg1 Rd8 26.Bd4 Rh4 27.h3 Rxh3 28.c4 Qb3
29.Bxe5 Rxd2 30.Rxd2 Qb1+ 31.Bf1 Rh7 32.Bd4 Qe4 33.f3 Qf4 34.Bc3 Qxf3  0-1

[Event "III EUICC"]
[Site "Arvier ITA"]
[Date "2007.06.19"]
[Round "5"]
[White "Mazzetta,R"]
[Black "Dubois,M"]
[Result "0-1"]
[WhiteElo "1864"]
[BlackElo "2092"]

1.e4 d5 2.exd5 Qxd5 3.Nc3 Qd6 4.d3 Nf6 5.Be2 Nc6 6.b3 Nd4 7.Ne4 Qc6 8.Nxf6+ exf6
9.Kf1 Qxc2 10.Be3 Qxd1+ 11.Bxd1 Nb5 12.Bf3 Ba3 13.Ne2 O-O 14.h4 c6 15.Rd1 Rd8
16.g4 Be6 17.Nf4 Nc3 18.Nxe6 fxe6 19.Rd2 Bb4 20.d4 a5 21.a4 Nd5 22.Rc2 Rd7
23.Kg2 Rad8 24.Bxd5 Rxd5 25.f4 Bd6 26.Re1 Kf7 27.Kf3 Bc7 28.Rc5 Bb6 29.Rxd5 Rxd5
30.Ke4 f5+ 31.gxf5 exf5+ 32.Kf3 Bxd4 33.Bxd4 Rxd4 34.Re5 Rd5  0-1

[Event "ch-NED w"]
[Site "Hilversum NED"]
[Date "2007.06.19"]
[Round "2"]
[White "Bensdorp,L"]
[Black "Van Weersel,A"]
[Result "1/2-1/2"]
[WhiteElo "2120"]
[BlackElo "2156"]

1.e4 d5 2.exd5 Qxd5 3.Nc3 Qd8 4.Bc4 Nf6 5.Nf3 c6 6.O-O e6 7.Qe2 Be7 8.d4 Nbd7
9.Re1 Nb6 10.Bb3 O-O 11.Bd2 a5 12.a3 a4 13.Ba2 Nbd5 14.Nxd5 cxd5 15.c4 b6
16.cxd5 Ba6 17.Qe5 Bd6 18.Qg5 Nxd5 19.Qg4 Bd3 20.Bg5 Nf6 21.Qh4 h6 22.Bxf6 Qxf6
23.Qxf6 gxf6 24.Re3 Ba6 25.Ne1 Rfc8 26.g3 Rc7 27.Bb1 Rc4 28.Be4 Ra7 29.Rd1 f5
30.Bg2 f4 31.Rf3 fxg3 32.hxg3 Rc8 33.Bf1 Bb7 34.Re3 Bd5 35.Nd3 Rc2 36.Re2 Rac7
37.Rdd2 Rxd2 38.Rxd2 Be7 39.Bg2 Bb3 40.Kf1 Bf6 41.Ne5 Rc1+ 42.Ke2 Rg1 43.Be4 Bg5
44.f4 Bd8 45.Kf2 Rc1 46.d5 exd5 47.Bxd5 Be7 48.Bxb3 axb3 49.Nd3 Rb1 50.Ke2 Bf6
51.Ke3 Kg7 52.Ke4 Rg1 53.Kf3 h5 54.Nf2 Rb1 55.Nd1 Rc1 56.Rd3 Kg6 57.Rd6 Kg7
58.Ke4 Rc4+ 59.Kd3 Rc1 60.Ke4 Rc4+ 61.Kd3  1/2-1/2

[Event "III Perla Baltyku A"]
[Site "Mielno POL"]
[Date "2007.06.21"]
[Round "5"]
[White "Zakoscielna,K"]
[Black "Natacheev,P"]
[Result "1-0"]
[WhiteElo "2094"]
[BlackElo "2076"]

1.e4 d5 2.exd5 Qxd5 3.Nc3 Qd6 4.d4 Nf6 5.Be2 c6 6.Be3 Bf5 7.g4 Bg6 8.Qd2 Na6
9.a3 Nc7 10.O-O-O Ncd5 11.Nh3 Nxc3 12.Qxc3 Nd5 13.Qb3 O-O-O 14.Bd2 e6 15.c4 Nc7
16.Bf4 Qd7 17.Be3 Be7 18.f3 f5 19.Nf4 Bf7 20.Nd3 Qe8 21.Qa4 a6 22.Ne5 g5
23.Qa5 f4 24.Bf2 Bf6 25.Rd3 b5 26.Qb6 bxc4 27.Nxc4 e5 28.Na5 Rd6 29.Qb7+ Kd8
30.dxe5 Bxe5 31.Nxc6+ Kd7 32.Rhd1 Rxd3 33.Rxd3+ Bd6 34.Bc5  1-0

[Event "Masters"]
[Site "Grenoble FRA"]
[Date "2007.06.22"]
[Round "3"]
[White "Janev,E"]
[Black "Foisor,O"]
[Result "1-0"]
[WhiteElo "2476"]
[BlackElo "2427"]

1.e4 d5 2.exd5 Qxd5 3.Nc3 Qd6 4.d4 Nf6 5.Nf3 a6 6.Bd3 Nbd7 7.Be3 b5 8.Ne4 Qd5
9.Nxf6+ Nxf6 10.a4 b4 11.c4 bxc3 12.bxc3 e6 13.O-O c5 14.c4 Qd6 15.Rb1 Qc7
16.Ne5 Bd6 17.Qf3 Ra7 18.Rfe1 O-O 19.Bg5 Ne8 20.Nc6 Rb7 21.Bd8 Qd7 22.dxc5 Rxb1
23.Rxb1 Bxc5 24.Bxh7+ Kxh7 25.Qh5+ Kg8 26.Qxc5 Nf6 27.Bxf6 gxf6 28.h3 Bb7
29.Na5 Be4 30.Re1 Rc8 31.Qb4 Qd4 32.Nb3 Qe5 33.Nd2 f5 34.Re3 Rb8 35.Qe7  1-0

[Event "III EUICC"]
[Site "Arvier ITA"]
[Date "2007.06.23"]
[Round "9"]
[White "Miatello,A"]
[Black "Bashkite,V"]
[Result "0-1"]
[WhiteElo "2062"]
[BlackElo "2202"]

1.e4 d5 2.exd5 Qxd5 3.Nc3 Qd6 4.d4 Nf6 5.Nge2 a6 6.Bf4 Qc6 7.Qd3 b5 8.d5 Qb6
9.Be3 Qa5 10.Nc1 c6 11.Nb3 Qc7 12.a3 g6 13.Bd4 Bg7 14.O-O-O Bf5 15.Qd2 O-O
16.Bd3 Bxd3 17.Qxd3 Rd8 18.h4 cxd5 19.Bxf6 Qf4+ 20.Rd2 Qxf6 21.g4 e6 22.g5 Qf4
23.Ne2 Qd6 24.h5 Nc6 25.hxg6 hxg6 26.Qh3 Qe5 27.Qh7+ Kf8 28.f4 Qxb2+ 29.Kd1 d4
30.f5 exf5 31.Nf4 Ne5 32.Nc5 Re8 33.Ncd3 Qa1+ 34.Nc1 d3 35.c3 Qxc3 36.Nd5 Qc6
37.Nf6 Qf3+  0-1

[Event "Narciso Yepes Mem"]
[Site "Lorca ESP"]
[Date "2007.06.26"]
[Round "4"]
[White "Giaccio,A"]
[Black "Moreto Quintana,A"]
[Result "1-0"]
[WhiteElo "2466"]
[BlackElo "2153"]

1.e4 d5 2.exd5 Qxd5 3.Nc3 Qd6 4.d4 Nf6 5.Nf3 a6 6.g3 b5 7.Bg2 Bb7 8.O-O e6
9.Bf4 Qb6 10.a4 Bd6 11.Be5 Nbd7 12.Qe2 Bxe5 13.dxe5 Nd5 14.Nxd5 Bxd5 15.axb5 axb5
16.Rxa8+ Bxa8 17.Rd1 Qc5 18.Nd4 Bxg2 19.Kxg2 Qxe5 20.Qf3 Qd5 21.Qxd5 exd5
22.Nxb5 c6 23.Nd4 Nb8 24.Ra1 O-O 25.b4 g6 26.Ra7 Rc8 27.Nb3 c5 28.b5 Kf8
29.Na5 c4 30.b6 Rc5 31.Ra8 Kg7 32.Nb7 Rc6 33.Rxb8 Rxb6 34.Kf3 Rb2 35.Ke3 Rxc2
36.Rd8 Rc3+ 37.Kd2 Rd3+ 38.Ke2 h5 39.Nc5 Rd4 40.h4 Kf6 41.Rd7 c3 42.Nd3 Re4+
43.Kd1 d4 44.Nc5 Re5 45.Nb3 c2+ 46.Kd2 Rf5 47.f4 Rb5 48.Kxc2 Rb8 49.Nxd4 Ra8
50.Rd6+ Kg7 51.Kd2 Ra3 52.Ne2 Kh6 53.Rd3 Ra6 54.Ke3 Re6+ 55.Kf3 f5 56.Ng1 Ra6
57.Kg2 Ra2+ 58.Kh3 Ra6 59.Nf3 Rb6 60.Rd7 Rb3 61.Ne5 Rb6 62.Rc7 Ra6 63.Nd7 Ra8
64.Nf6 Rh8 65.Ra7  1-0

[Event "Open"]
[Site "Pula CRO"]
[Date "2007.06.26"]
[Round "5"]
[White "Krstic,U"]
[Black "McPhillips,K"]
[Result "1-0"]
[WhiteElo "2361"]
[BlackElo "2185"]

1.e4 d5 2.exd5 Qxd5 3.Nc3 Qd6 4.Nf3 Nf6 5.d4 a6 6.Bg5 b5 7.Bd3 Bb7 8.Qe2 Nbd7
9.O-O-O e6 10.Kb1 Be7 11.Ne5 O-O 12.f4 Rad8 13.Rhe1 h6 14.Bh4 c5 15.dxc5 Qxc5
16.Nxd7 Rxd7 17.Bxf6 Bxf6 18.Bh7+ Kxh7 19.Rxd7 Bxc3 20.Qd3+ Kg8 21.Qxc3 Qxc3
22.bxc3 Bxg2 23.Kb2 Rc8 24.Rd6 Rc6 25.Rxc6 Bxc6 26.a4 Kf8 27.Kb3 g5 28.fxg5 hxg5
29.Kb4 Ke7 30.Kc5 Be8 31.a5 f5 32.Kb6 Kd6 33.Kxa6 e5 34.Kb6 Bh5 35.a6 Bf3
36.a7 f4 37.Rd1+ Ke7 38.Kc7 g4 39.Rd7+ Ke8 40.Kd6 g3 41.hxg3 fxg3 42.Re7+ Kf8
43.Rxe5  1-0

[Event "TCh-ESP Honor Gp2"]
[Site "Torrelavega ESP"]
[Date "2007.06.27"]
[Round "1"]
[White "Rodriguez Guerrero,E"]
[Black "Lezcano Jaen,P"]
[Result "0-1"]
[WhiteElo "2446"]
[BlackElo "2382"]

1.e4 d5 2.exd5 Qxd5 3.Nc3 Qd8 4.d4 c6 5.Nf3 Bg4 6.Bc4 e6 7.Be3 Nf6 8.h3 Bh5
9.g4 Bg6 10.Ne5 Nbd7 11.Qe2 Bb4 12.Nxg6 hxg6 13.O-O-O Bxc3 14.bxc3 Qa5 15.Bd2 Nb6
16.Bb3 Qa3+ 17.Kb1 Na4 18.Bxa4 Qxa4 19.Qd3 O-O-O 20.Be3 c5 21.c4 cxd4 22.Bf4 Qc6
23.Rhe1 Nd7 24.Bh2 Qc5 25.Ka1 e5 26.Rb1 f6 27.Rb5 Qc6 28.Reb1 b6 29.Qa3 Kb7
30.Ra5 Ra8 31.Qe7 Rhc8 32.c5 Rc7 33.Qxg7 g5 34.Qg6 Nxc5 35.Rab5 Rac8 36.Bg3 Na4
37.R5b3 Nc3 38.Re1 Nd5 39.Rb2 Ne7 40.Qf7 Nf5 41.Qb3 Nd6 42.Qd3 Qc3 43.Rd1 Qxd3
44.cxd3 Rh7 45.Rh1 Rch8 46.Rc2 Rxh3 47.Rhc1 Rh1 48.Kb2 Rxc1 49.Rxc1 Nb5 50.Kb3 Nc3
51.Re1 Nd5 52.Kc4 Kc6 53.Rc1 Kd6 54.Kb3 Nf4 55.Bxf4 gxf4 56.f3 Rh2 57.Rc2 Rxc2
58.Kxc2 b5 59.Kb3 a5 60.Kc2 Kc5 61.Kb3 b4 62.Kb2 Kb5 63.Kb3 a4+ 64.Kb2 a3+
65.Kb3 Ka5 66.Kc4 Ka4 67.Kd5 b3 68.axb3+ Kxb3 69.g5 fxg5  0-1

[Event "TCh-ESP Honor Gp2"]
[Site "Torrelavega ESP"]
[Date "2007.06.27"]
[Round "1"]
[White "Volokitin,And"]
[Black "Kurajica,B"]
[Result "1-0"]
[WhiteElo "2654"]
[BlackElo "2541"]

1.e4 d5 2.exd5 Qxd5 3.Nc3 Qd6 4.d4 g6 5.Nge2 Nf6 6.Bf4 Qb6 7.Qd2 Bg7 8.O-O-O O-O
9.h4 Rd8 10.Qe3 e5 11.Bxe5 Ng4 12.Qg3 Nxe5 13.dxe5 Rxd1+ 14.Nxd1 Qa5 15.f4 Qxa2
16.Nec3 Qa1+ 17.Nb1 Nc6 18.Bc4 Nd4 19.Qd3 c5 20.Ne3 Be6 21.c3 Nb3+ 22.Bxb3 Bxb3
23.c4 Qa4 24.Nd2 Qa1+ 25.Nb1 Qa4 26.Na3 b5 27.Nxb5 Qa1+ 28.Qb1 Qa5 29.Nd6 Rd8
30.h5 Qa6 31.hxg6 hxg6 32.Qd3 Qa1+ 33.Qb1 Qa6 34.g3 f5 35.Rh2 Rxd6 36.exd6 Qxd6
37.Rd2 Qa6 38.Rd3 Qa4 39.Kd2 Bd4 40.Qh1 Bxc4 41.Qa8+ Kg7 42.Nxc4 Qb4+ 43.Ke2 Qxc4
44.Qxa7+ Kh6 45.Qb7 Qc2+ 46.Rd2 Qb1 47.Qf3 Qc1 48.b3 Bc3 49.Rd1 Qb2+ 50.Kf1 Bd4
51.Re1 Qc2 52.Re2 Qd1+ 53.Kg2 Qg1+ 54.Kh3 Qd1 55.g4 fxg4+ 56.Kxg4 Qb1 57.Rh2+ Kg7
58.Qb7+ Kf8 59.Qc8+ Kg7 60.Qh8+  1-0

[Event "Narciso Yepes Mem"]
[Site "Lorca ESP"]
[Date "2007.06.29"]
[Round "9"]
[White "Ballester Llagaria,L"]
[Black "Moreto Quintana,A"]
[Result "1-0"]
[WhiteElo "1999"]
[BlackElo "2153"]

1.e4 d5 2.exd5 Qxd5 3.Nc3 Qd6 4.d4 Nf6 5.Nf3 a6 6.Bd3 Bg4 7.Ne4 Nxe4 8.Bxe4 Nc6
9.c3 O-O-O 10.O-O f6 11.b4 Ne5 12.Be3 Nc4 13.Qe2 Nxe3 14.Qxe3 g6 15.a4 Bg7
16.b5 a5 17.c4 f5 18.c5 Qf6 19.Bxb7+ Kxb7 20.c6+ Ka8 21.Qc3 Qe6 22.Qxa5+ Kb8
23.b6 Qxc6 24.Qa7+ Kc8 25.Rac1 Rd6 26.Rxc6 Rxc6 27.b7+  1-0

[Event "Asian Youth GU18"]
[Site "Tashkent UZB"]
[Date "2007.06.30"]
[Round "3"]
[White "Danilyuk,O"]
[Black "Umarova,S"]
[Result "1-0"]
[WhiteElo "2075"]
[BlackElo "1908"]

1.e4 d5 2.exd5 Qxd5 3.Nc3 Qd8 4.d4 c6 5.Nf3 Bf5 6.Bc4 e6 7.O-O Nf6 8.Ne2 Be7
9.Ng3 Bg6 10.Ne5 Nbd7 11.f4 Nxe5 12.fxe5 Ne4 13.Ne2 b5 14.Bd3 O-O 15.Rf4 Bg5
16.Rxe4 Bxe4 17.Bxe4 Rc8 18.Qd3 h6 19.Nf4 Qe7 20.Qg3 Rfd8 21.Be3 Qb4 22.h4 Bxf4
23.Qxf4 Qe7 24.Rf1 Rc7 25.Qg4 Kh8 26.Bd3 Qf8 27.Qh5 f5 28.exf6 Rd5 29.fxg7+  1-0

[Event "4th Open"]
[Site "Proville FRA"]
[Date "2007.07.01"]
[Round "7"]
[White "Manet,E"]
[Black "Bianchi,Guilla"]
[Result "1-0"]
[WhiteElo "2001"]
[BlackElo "2132"]

1.e4 d5 2.exd5 Qxd5 3.Nc3 Qd6 4.Nf3 Nf6 5.g3 Bg4 6.Bg2 e6 7.d3 c6 8.Bf4 Qd8
9.Qe2 Nbd7 10.O-O Be7 11.h3 Bh5 12.Rfe1 O-O 13.Ne4 h6 14.Nxf6+ Nxf6 15.Qd2 Bg6
16.Ne5 Bh7 17.Nc4 Nd5 18.Be5 f6 19.Bc3 e5 20.a3 Qd7 21.Rad1 Rad8 22.b4 Rfe8
23.Bb2 Kh8 24.d4 exd4 25.Bxd4 b6 26.Bb2 Qc8 27.Qc1 Bf8 28.Nd2 Bf5 29.c4 Ne7
30.Kh2 Ng6 31.Ne4 Ne5 32.Bxe5 Rxe5 33.Rxd8 Qxd8 34.Rd1 Qc7 35.Nc3 a6 36.Qd2 Re8
37.Re1 Rd8 38.Qc1 Bg6 39.Ne4 a5 40.c5 axb4 41.axb4 bxc5 42.Nxc5 Rc8 43.Ne6 Qd6
44.Nxf8 Qxf8 45.Qc5 Qxc5 46.bxc5 Bd3 47.Re3 Bb5 48.Re7 Kg8 49.Be4 Kf8 50.Rd7 Ba4
51.Kg2 Bb5 52.Kf3 Bf1 53.h4 Bb5 54.Kf4 Bc4 55.Rd6 Bb5 56.Kf5 Re8 57.Re6 Rc8
58.Kg6 Ba4 59.f3 Bb5  1-0

[Event "XXV Andorra Open"]
[Site "Andorra la Vella AND"]
[Date "2007.07.03"]
[Round "4"]
[White "Sandu,Mi"]
[Black "Mellado Trivino,J"]
[Result "0-1"]
[WhiteElo "2226"]
[BlackElo "2394"]

1.e4 d5 2.exd5 Qxd5 3.Nc3 Qd6 4.d4 Nf6 5.Nf3 a6 6.g3 b5 7.Bg2 Bb7 8.O-O Nbd7
9.Bf4 Qb6 10.a4 e6 11.Qe2 b4 12.a5 Qa7 13.Na4 Bd6 14.Bxd6 cxd6 15.Qc4 Rb8
16.Qc7 Ke7 17.Ne5 dxe5 18.dxe5 Ne8 19.Qc4 Bxg2 20.Kxg2 Nxe5 21.Qf4 f6 22.Nb6 Rxb6
23.axb6 Qxb6 24.c3 bxc3 25.bxc3 Nd6 26.Qd4 Qc6+ 27.f3 Rb8 28.Qa7+ Rb7 29.Qxa6 Rb2+
30.Kh3 Nxf3  0-1

[Event "IM"]
[Site "Antwerp BEL"]
[Date "2007.07.03"]
[Round "4"]
[White "Docx,S"]
[Black "Dutreeuw,M"]
[Result "1/2-1/2"]
[WhiteElo "2338"]
[BlackElo "2401"]

1.e4 d5 2.exd5 Qxd5 3.Nc3 Qd6 4.d4 Nf6 5.Bg5 Bg4 6.Qd2 e6 7.Nb5 Qe7 8.a3 a6
9.Nc3 h6 10.Bh4 Nc6 11.h3 Bf5 12.g4 Bh7 13.Bg2 g5 14.Bg3 Nd5 15.O-O-O O-O-O
16.Nge2 Bg7 17.Rhe1 Qd7 18.Ne4 Bxe4 19.Bxe4 f5 20.Bh1 f4 21.Bh2 Nb6 22.c3 Na5
23.Qc2 Qb5 24.Kb1 e5 25.dxe5 Bxe5 26.Nd4 Bxd4 27.cxd4 Rhe8 28.Qf5+  1/2-1/2

[Event "Open A"]
[Site "Klatovy CZE"]
[Date "2007.07.03"]
[Round "4"]
[White "Stross,F"]
[Black "Smid,M"]
[Result "1/2-1/2"]
[WhiteElo "2318"]
[BlackElo "2186"]

1.e4 d5 2.exd5 Qxd5 3.Nc3 Qd6 4.d4 Nf6 5.Bc4 a6 6.Nge2 b5 7.Bb3 Bb7 8.Bf4 Qb6
9.O-O e6 10.a4 Nbd7 11.a5 Qa7 12.Be3  1/2-1/2

[Event "ch-SWE"]
[Site "Stockholm SWE"]
[Date "2007.07.03"]
[Round "4"]
[White "Ong,Kez"]
[Black "Berg,E"]
[Result "0-1"]
[WhiteElo "2284"]
[BlackElo "2574"]

1.e4 d5 2.exd5 Qxd5 3.Nc3 Qd6 4.d4 Nf6 5.Nf3 a6 6.g3 Bg4 7.h3 Bh5 8.Bg2 Nc6
9.O-O O-O-O 10.Be3 e5 11.dxe5 Nxe5 12.Qxd6 Bxd6 13.Nxe5 Bxe5 14.f4 Bxc3 15.bxc3 Be2
16.Rfb1 Nd5 17.Bd4 Bc4 18.Kf2 f6 19.a3 b6 20.Rd1 Ne7 21.g4 Bd5 22.Bf1 Kb7
23.Be3 Rde8 24.Rd4 h5 25.Rad1 Bc6 26.gxh5 Nf5 27.Bc1 Nxd4 28.cxd4 Rxh5 29.c4 Reh8
30.Rd3 Bd7 31.Bg2+ Kc8 32.Rg3 Bxh3 33.Rxg7 Bxg2 34.Kxg2 Rh2+ 35.Kf3 f5 36.d5 Rc2
37.Be3 Rh3+ 38.Rg3 Rxg3+ 39.Kxg3 Rxc4 40.Kh4 Re4  0-1

[Event "ch-IRL"]
[Site "Dublin IRL"]
[Date "2007.07.04"]
[Round "5"]
[White "Rozentalis,E"]
[Black "Jeffares,S"]
[Result "1-0"]
[WhiteElo "2578"]
[BlackElo "2095"]

1.e4 d5 2.exd5 Qxd5 3.Nc3 Qd6 4.d4 Nf6 5.Nb5 Qd8 6.Bf4 Nd5 7.Bg3 c6 8.Nc3 Bf5
9.Nxd5 Qxd5 10.c3 e6 11.Nf3 Bg4 12.Be2 Bd6 13.Qb3 Qxb3 14.axb3 Bxg3 15.hxg3 Nd7
16.b4 Ke7 17.Ra5 h6 18.Nd2 Bxe2 19.Kxe2 a6 20.g4 Rac8 21.f3 Rhd8 22.g5 hxg5
23.Rxg5 g6 24.Nc4 Rh8 25.Rxh8 Rxh8 26.Na5 Rb8 27.Rg4 Nf6 28.Rh4 Kd7 29.Kd3 Ke7
30.g4 Kd7 31.Rh6 Ke7 32.g5 Nd7 33.f4 Nb6 34.Rh7 Nd7 35.Ke3 Nb6 36.Ke4 Nd7
37.c4 Nb6 38.b3 Nd7 39.c5 Nf8 40.Rh8 Nd7 41.Rxb8 Nxb8 42.Nxb7 Nd7 43.Na5 Nb8
44.Kd3 Kd7 45.Nc4 Ke7 46.Ne5 Kf8 47.Kc3 Ke7 48.Kb2 f6 49.Ng4 Nd7 50.Ka3  1-0